Democracia colectivista (Record no. 41158)

MARC details
000 -LEADER
campo de control de longitud fija 00786nam a2200217 i 4500
001 - NÚMERO DE CONTROL
campo de control 41158
003 - IDENTIFICADOR DE NÚMERO DE CONTROL
campo de control ES-MaACL
005 - FECHA Y HORA DE LA ÚLTIMA TRANSACCIÓN
campo de control 20250814080341.0
007 - CAMPO FIJO DE DESCRIPCIÓN FÍSICA--INFORMACIÓN GENERAL
campo de control de longitud fija t|
008 - DATOS DE LONGITUD FIJA--INFORMACIÓN GENERAL
campo de control de longitud fija 030310q1915 sp ||||1| spa d
100 1# - ENTRADA PRINCIPAL--NOMBRE DE PERSONA
Nombre de persona Cascales Muñoz, José,
Fechas asociadas al nombre 1865-1933
9 (RLIN) 36269
245 10 - MENCIÓN DEL TÍTULO
Título Democracia colectivista
Resto del título : lecciones de sociología sobre una nueva política a la antigua española, calcada de la que hoy siguen los partidos más radicales /
Mención de responsabilidad, etc. por José Cascales Muñoz.
260 ## - PUBLICACIÓN, DISTRIBUCIÓN, ETC.
Lugar de publicación, distribución, etc. Madrid :
Nombre del editor, distribuidor, etc. Sociedad Española de Librería,
Fecha de publicación, distribución, etc. [1915?]
300 ## - DESCRIPCIÓN FÍSICA
Extensión 102 p. ;
Dimensiones 18 cm.
650 #7 - PUNTO DE ACCESO ADICIONAL DE MATERIA--TÉRMINO DE MATERIA
Término de materia o nombre geográfico como elemento de entrada Gremios
Fuente del encabezamiento o término embne
9 (RLIN) 136202
650 04 - PUNTO DE ACCESO ADICIONAL DE MATERIA--TÉRMINO DE MATERIA
Término de materia o nombre geográfico como elemento de entrada Clases sociales.
9 (RLIN) 11111
650 #7 - PUNTO DE ACCESO ADICIONAL DE MATERIA--TÉRMINO DE MATERIA
Término de materia o nombre geográfico como elemento de entrada Política
Fuente del encabezamiento o término embne
9 (RLIN) 140345
852 ## - LOCALIZACIÓN
Ubicación ES-MaACL
Número de control de estantería D-3476
852 ## - LOCALIZACIÓN
Ubicación ES-MaACL
Número de control de estantería A-937
Holdings
Estatus retirado Estado de pérdida Estado de daño No para préstamo Biblioteca de origen Biblioteca actual Ubicación en estantería Fecha de adquisición Fuente de adquisición Total de préstamos Signatura topográfica completa Código de barras Visto por última vez Precio de reemplazo Tipo de ítem Koha
        Biblioteca del Ateneo de Madrid Biblioteca del Ateneo de Madrid Sala Pecera Planta 1 17/01/2008     A-937 1043332 23/02/2023 23/02/2023 Libro impreso
        Biblioteca del Ateneo de Madrid Biblioteca del Ateneo de Madrid Sala Valle Inclán 17/01/2008     D-3476 901043331 23/02/2023 23/02/2023 Libro impreso